Neurologic manifestations of general diseases (Registro nro. 64747)

Detalles MARC
000 -ENCABEZADO
Número de control [NR] 00727nam a2200205Ia 4500
008 - DE LONGITUD FIJA DE DATOS DE ELEMENTOS - INFORMACIÓN GENERAL
Elementos de longitud fija [NR] 130821s1964 xxu gr eng
040 ## - FUENTE DE CATALOGACION [NR]
Agencia de catalogación original [NR] Co-BoUCM
Idioma de catalogación [NR] spa
041 00 - CODIGO DE IDIOMA [R]
Código de idioma para texto/pista de sonido o título separado [R] Inglés
092 ## - SIGNATURA TOPOGRAFICA LOCAL
Número de clasificación local FMR 0163
100 1# - ASIENTO PRINCIPAL--NOMBRE PERSONAL [NR]
Nombre personal [NR] Aita, John A.
ID Autoridad 166212
245 10 - MENCION DE TITULO [NR]
Título [NR] Neurologic manifestations of general diseases
Mención de responsabilidad, etc. [NR] John Aita ; introducción A. L. Sahs
260 ## - PUBLICACION, DISTRIBUCION, ETC. (PIE DE IMPRENTA) [R]
Lugar de publicación, distribución, etc. [R] Springfield (Illinois, Estados Unidos)
Nombre del editor, distribuidor, etc. [R] Charles C. Thomas
Fecha de publicación, distribución, etc. [R] 1964
300 ## - DESCRIPCION FISICA [R]
Extensión [R] xiii, 921 páginas
500 ## - NOTA GENERAL [R]
Nota general [NR] Libro disponible en 48 horas a partir de la solicitud.
504 ## - NOTA DE BIBLIOGRAFIA, ETC. [R]
Nota de bibliografía, etc. [NR]
650 04 - ASIENTO SECUNDARIO DE MATERIA - TERMINO TEMATICO [R]
Término temático o nombre geográfico como elemento de entrada [NR] Enfermedades del sistema nervioso
9 (RLIN) 14383
650 04 - ASIENTO SECUNDARIO DE MATERIA - TERMINO TEMATICO [R]
Término temático o nombre geográfico como elemento de entrada [NR] Neurología
9 (RLIN) 20299
700 1# - ASIENTO SECUNDARIO - NOMBRE PERSONAL [R]
Nombre personal [NR] Sahs, A. L
9 (RLIN) 166213
942 ## - ELEMENTOS DE ENTRADA AGREGADOS (KOHA)
Tipo de ítem principal el descrito en 300a Libro
Tema principal Medicina
Edición 1
Título oculto en OPAC No
Existencias
Fecha de último préstamo Signatura topográfica Código de barras Última vez visto Volúmen / Fascículo Ejemplar Price effective from Tipo de ítem Nota pública (OPAC) Perdido Sistema de clasificación Dañado No prestable Tipo de ítem específico Suprimido Ubicación habitual Ubicación actual Localización Fecha de creación Forma de adquisición Costo
05/03/2010 ~ 100103386 04/12/2025 FMR 0163 Ej.1 03/02/2013 Libro Galería de donantes   LOCAL     Fondos especiales   Claustro Claustro Procesos Técnicos 28/02/2010 Donación 26000.00